000 00817nam a22002417a 4500
001 79916
003 UA-OsUOA
005 20211028132444.0
007 ta
008 20111124b un ||||| |||| 00| 0 ukr d
040 _aUA-OsUOA
_brus
_cUA-OsUOA
_dUA-OsUOA
041 _arus
080 _a821.161.1
090 _a821.161.1
_bТ87
100 _aТургенев И. С.
245 _aСочинения
260 _aМ.
_bНаука
_c1983
300 _a526 с.
505 _gТ. 11
_t"Литературные и житейские воспоминания". Биографические очерки и некрологи. Автобиографические материалы
650 7 _a821 Художня література. Літературознавство
_2UDC
942 _cBK
_2udc
955 _a3
999 _c366235
_d366235